[Event "Wch U10 Girls"]
[Site "Belfort"]
[Date "2005.07.19"]
[Round "1"]
[White "Abdulaziz, Maryam"]
[Black "Lach, Aleksandra"]
[Result "0-1"]
[WhiteElo "1599"]
[BlackElo "1822"]
[PlyCount "78"]
[EventDate "2005.07.??"]
[EventType "swiss"]
[EventRounds "11"]
[EventCountry "FRA"]
[SourceTitle "CBM 107 Extra"]
[Source "ChessBase"]
[SourceDate "2005.09.01"]
[SourceVersion "1"]
[SourceVersionDate "2005.09.01"]
[SourceQuality "1"]

1. e4 c5 2. Nf3 d6 3. Bb5+ Bd7 4. Bc4 e6 5. 0-0 Nf6 6. Nc3 Be7 7. d3 0-0 8. Bg5 Nc6 9. Re1 a6 10. Qd2 Qc7 11. Rad1 Rac8 12. h3 Qb8 13. Bxf6 Bxf6 14. Qe3 Nd4 15. Rc1 b5 16. Bb3 a5 17. a3 Nxf3+ 18. Qxf3 a4 19. Ba2 b4 20. axb4 cxb4 21. Ne2 Bxb2 22. Rb1 Rxc2 23. Rbd1 b3 24. Bb1 Rc7 25. Rd2 Bc3 26. Nxc3 Rxc3 27. Qe3 Rfc8 28. Qd4 e5 29. Qe3 a3 30. d4 Rxe3 31. Rxe3 exd4 32. Rxd4 Rc1+ 33. Kh2 Rxb1 34. Rdd3 a2 35. Rf3 a1Q 36. Rd5 Be6 37. Rg5 d5+ 38. g3 Rh1+ 39. Kg2 Bxh3# 0-1